00426nam a2200109Ia 4500008004100000100002600041245007600067260006300143300001800206650001700224856007500241160712s9999 xx 000 0 und d aPedro Jr., Antonio C. cAntonio C. Pedro Jr.aGlobal Civil Society Movements in the Philippines c2014bKasarinlan Philippine Journal of Third World Studies avol. 29 no. 1 xINDEPENDENCE uhttp://journals.upd.edu.ph/index.php/kasarinlan/issue/view/486/showToc